[Event "Lasker B 2018"]
[Site "?"]
[Date "2018.07.05"]
[Round "4.4"]
[White "Krzyszewski, Tomasz"]
[Black "Czuchnicki, Adam"]
[Result "0-1"]
[BlackElo "1966"]
[WhiteElo "1704"]
[LiveChessVersion "1.4.8"]

1. e4 {[%clk 1:30:57]} c5 {[%clk 1:30:47]} 2. Nf3 {[%clk 1:31:14]} d6
{[%clk 1:31:13]} 3. d4 {[%clk 1:31:38]} cxd4 {[%clk 1:31:40]} 4. Nxd4
{[%clk 1:32:02]} Nf6 {[%clk 1:32:08]} 5. Nc3 {[%clk 1:32:23]} a6 {[%clk 1:32:33]}
6. f3 {[%clk 1:32:44]} e6 {[%clk 1:32:45]} 7. Be3 {[%clk 1:33:00]} b5
{[%clk 1:33:09]} 8. Qd2 {[%clk 1:29:16]} Nbd7 {[%clk 1:33:26]} 9. g4
{[%clk 1:28:50]} Nb6 {[%clk 1:33:25]} 10. a4 {[%clk 1:28:44]} Nc4
{[%clk 1:33:17]} 11. Bxc4 {[%clk 1:28:42]} bxc4 {[%clk 1:33:45]} 12. a5
{[%clk 1:27:52]} Bb7 {[%clk 1:30:29]} 13. Na4 {[%clk 1:25:00]} d5
{[%clk 1:27:33]} 14. Nb6 {[%clk 1:17:48]} dxe4 {[%clk 1:25:22]} 15. Nxa8
{[%clk 1:17:20]} Qxa8 {[%clk 1:12:33]} 16. O-O-O {[%clk 1:15:23]} exf3
{[%clk 0:38:32]} 17. Nf5 {[%clk 1:10:02]} f2 {[%clk 0:26:51]} 18. Nd6+
{[%clk 0:59:53]} Bxd6 {[%clk 0:26:27]} 19. Qxd6 {[%clk 1:00:17]} Bxh1
{[%clk 0:26:31]} 20. Bc5 {[%clk 0:57:43]} Nd5 {[%clk 0:26:12]} 21. Rxh1
{[%clk 0:57:14]} Qb7 {[%clk 0:18:53]} 22. Bxf2 {[%clk 0:49:01]} Qc7
{[%clk 0:09:20]} 23. Qxc7 {[%clk 0:47:38]} Nxc7 24. Re1 {[%clk 0:47:31]} h5
{[%clk 0:08:15]} 25. g5 {[%clk 0:46:43]} Nb5 {[%clk 0:05:42]} 26. Re4
{[%clk 0:46:26]} Nd6 {[%clk 0:05:19]} 27. Rd4 {[%clk 0:45:00]} Ke7
{[%clk 0:03:42]} 28. Rh4 {[%clk 0:33:42]} g6 {[%clk 0:02:33]} 29. Bc5
{[%clk 0:33:19]} Rc8 {[%clk 0:02:02]} 30. Rxc4 {[%clk 0:32:39]} Ke8
{[%clk 0:02:25]} 31. Rc3 {[%clk 0:27:32]} Ne4 {[%clk 0:02:44]} 32. Bd4
{[%clk 0:27:39]} Nxc3 {[%clk 0:03:10]} 33. Bxc3 {[%clk 0:28:00]} Rc4
{[%clk 0:01:19]} 34. Kd2 {[%clk 0:25:59]} Rg4 {[%clk 0:01:29]} 35. b4
{[%clk 0:25:41]} Rxg5 {[%clk 0:01:42]} 36. Kd3 {[%clk 0:25:35]} Kd7
{[%clk 0:02:04]} 37. Be1 {[%clk 0:24:31]} Kc6 {[%clk 0:02:14]} 38. c4
{[%clk 0:24:43]} Rg1 {[%clk 0:02:24]} 39. Bg3 {[%clk 0:24:13]} f6
{[%clk 0:02:25]} 40. Kd4 {[%clk 0:22:36]} Rb1 {[%clk 0:02:38]} 41. Kc3
{[%clk 0:22:51]} e5 {[%clk 0:03:03]} 42. Bf2 {[%clk 0:22:45]} Rh1
{[%clk 0:03:17]} 43. Bg3 {[%clk 0:22:54]} g5 {[%clk 0:03:43]} 44. Kd4 0-1

[Event "Lasker B 2018"]
[Site "?"]
[Date "2018.07.05"]
[Round "4.3"]
[White "Raczykowska, Paulina"]
[Black "Reinecke, Katharina"]
[Result "1-0"]
[BlackElo "1857"]
[WhiteElo "1857"]
[LiveChessVersion "1.4.8"]

1. e4 {[%clk 1:30:57]} c6 {[%clk 1:30:56]} 2. d4 {[%clk 1:31:22]} d5
{[%clk 1:31:19]} 3. e5 {[%clk 1:31:40]} Bf5 {[%clk 1:31:38]} 4. Nf3
{[%clk 1:31:58]} e6 {[%clk 1:31:41]} 5. a3 {[%clk 1:32:21]} c5 {[%clk 1:31:13]}
6. c4 {[%clk 1:31:37]} Nc6 7. cxd5 {[%clk 1:26:21]} exd5 {[%clk 1:24:29]} 8. Nc3
{[%clk 1:24:49]} Be6 {[%clk 1:15:14]} 9. Be3 {[%clk 1:17:07]} cxd4
{[%clk 1:06:12]} 10. Bxd4 {[%clk 1:15:50]} Nge7 {[%clk 1:03:08]} 11. Be2
{[%clk 0:56:13]} Nf5 {[%clk 1:01:46]} 12. O-O {[%clk 0:47:34]} Be7
{[%clk 0:59:29]} 13. Re1 {[%clk 0:43:06]} O-O {[%clk 0:58:12]} 14. Bb5
{[%clk 0:42:08]} Na5 {[%clk 0:42:41]} 15. Bd3 {[%clk 0:28:44]} Nc4
{[%clk 0:39:57]} 16. Qc2 {[%clk 0:26:18]} g6 {[%clk 0:35:35]} 17. Rad1
{[%clk 0:22:34]} Rc8 {[%clk 0:33:32]} 18. Qb3 {[%clk 0:14:02]} Na5
{[%clk 0:30:31]} 19. Qa2 {[%clk 0:12:23]} Nxd4 {[%clk 0:24:44]} 20. Nxd4
{[%clk 0:12:41]} Bc5 {[%clk 0:23:14]} 21. Bf1 {[%clk 0:09:07]} Nc6
{[%clk 0:20:34]} 22. Nf3 {[%clk 0:03:10]} Qb6 {[%clk 0:16:27]} 23. b4
{[%clk 0:02:43]} Nxb4 {[%clk 0:08:42]} 24. axb4 {[%clk 0:02:42]} Bxb4
{[%clk 0:08:29]} 25. Nxd5 {[%clk 0:01:17]} Bxd5 {[%clk 0:07:37]} 26. Qxd5
{[%clk 0:01:39]} Bxe1 {[%clk 0:07:58]} 27. Rxe1 {[%clk 0:01:58]} Rfd8
{[%clk 0:06:49]} 28. Qa2 {[%clk 0:02:07]} Qe6 {[%clk 0:01:37]} 29. Qxa7
{[%clk 0:01:41]} Rc7 {[%clk 0:00:57]} 30. Rb1 {[%clk 0:01:14]} Qc6
{[%clk 0:00:44]} 31. Qa2 {[%clk 0:01:10]} h6 {[%clk 0:00:45]} 32. Re1
{[%clk 0:01:07]} Qd5 {[%clk 0:00:44]} 33. Qb1 {[%clk 0:01:03]} Rc5
{[%clk 0:00:36]} 34. e6 {[%clk 0:01:20]} f5 {[%clk 0:00:41]} 35. Ne5
{[%clk 0:01:23]} Qxe6 {[%clk 0:00:42]} 36. Nd3 {[%clk 0:01:35]} Rb5
{[%clk 0:00:34]} 37. Nb4 {[%clk 0:01:35]} Rxb4 {[%clk 0:00:36]} 38. Qxb4
{[%clk 0:01:57]} 1-0

[Event "Lasker B 2018"]
[Site "?"]
[Date "2018.07.05"]
[Round "4.2"]
[White "Nadstoga, Wojciech"]
[Black "Dzida, Kamil"]
[Result "0-1"]
[BlackElo "1854"]
[WhiteElo "1933"]
[LiveChessVersion "1.4.8"]

1. Nf3 {[%clk 1:30:59]} d5 {[%clk 1:30:55]} 2. g3 {[%clk 1:31:23]} c5
{[%clk 1:31:13]} 3. Bg2 {[%clk 1:31:48]} Nc6 {[%clk 1:31:40]} 4. d3
{[%clk 1:32:12]} Nf6 {[%clk 1:31:54]} 5. Nbd2 {[%clk 1:32:25]} e5
{[%clk 1:32:09]} 6. O-O {[%clk 1:31:01]} Be7 {[%clk 1:32:34]} 7. c3
{[%clk 1:31:11]} O-O {[%clk 1:32:52]} 8. Qc2 {[%clk 1:31:37]} Be6
{[%clk 1:28:09]} 9. e4 {[%clk 1:31:50]} d4 {[%clk 1:28:24]} 10. c4
{[%clk 1:30:31]} a6 {[%clk 1:27:16]} 11. h3 {[%clk 1:21:13]} Nd7 {[%clk 1:18:58]}
12. Ne1 {[%clk 1:17:25]} b5 {[%clk 1:14:34]} 13. f4 {[%clk 1:15:37]} f6
{[%clk 1:14:52]} 14. b3 {[%clk 1:07:03]} Qa5 {[%clk 1:14:58]} 15. Ndf3
{[%clk 1:06:00]} bxc4 {[%clk 1:09:45]} 16. dxc4 {[%clk 1:01:28]} exf4
{[%clk 1:03:35]} 17. gxf4 {[%clk 1:00:11]} Rad8 {[%clk 1:03:51]} 18. Nd3
{[%clk 0:46:48]} Qb6 {[%clk 0:58:09]} 19. Nh4 {[%clk 0:35:23]} Nb4
{[%clk 0:54:54]} 20. Qe2 {[%clk 0:35:44]} Rfe8 {[%clk 0:54:59]} 21. Bd2
{[%clk 0:23:07]} a5 {[%clk 0:46:34]} 22. f5 {[%clk 0:18:52]} Bf7 {[%clk 0:46:16]}
23. Nf4 {[%clk 0:19:20]} Ne5 {[%clk 0:40:24]} 24. Nd5 {[%clk 0:16:32]} Nxd5
{[%clk 0:39:26]} 25. exd5 {[%clk 0:16:38]} a4 {[%clk 0:36:31]} 26. Rab1
{[%clk 0:09:43]} axb3 {[%clk 0:35:31]} 27. axb3 {[%clk 0:10:12]} Bd6
{[%clk 0:33:39]} 28. Be4 {[%clk 0:10:13]} Ra8 {[%clk 0:33:09]} 29. Bc1
{[%clk 0:08:57]} Nxc4 {[%clk 0:30:35]} 30. Qg2 {[%clk 0:07:12]} Ne3
{[%clk 0:30:43]} 31. Bxe3 {[%clk 0:07:35]} dxe3 {[%clk 0:31:08]} 32. Kh1
{[%clk 0:07:58]} Qb4 {[%clk 0:30:55]} 33. Bf3 {[%clk 0:03:08]} Qxh4
{[%clk 0:31:11]} 34. Rg1 {[%clk 0:03:34]} Qg5 {[%clk 0:30:18]} 35. Qc2
{[%clk 0:02:34]} Qf4 {[%clk 0:30:30]} 36. Qg2 {[%clk 0:02:49]} g6
{[%clk 0:30:06]} 37. Rbf1 {[%clk 0:02:35]} e2 {[%clk 0:29:59]} 38. Re1
{[%clk 0:02:07]} Re3 {[%clk 0:29:33]} 39. fxg6 {[%clk 0:01:39]} hxg6
{[%clk 0:29:44]} 40. Bg4 {[%clk 0:01:02]} Rg3 {[%clk 0:29:56]} 41. Qxg3
{[%clk 0:00:44]} Bxd5+ {[%clk 0:30:02]} 42. Kh2 {[%clk 0:00:46]} Qf2+
{[%clk 0:30:25]} 0-1

[Event "Lasker B 2018"]
[Site "?"]
[Date "2018.07.05"]
[Round "3.11"]
[White "Siekanska, Maria"]
[Black "Jozwik, Jaroslaw"]
[Result "0-1"]
[BlackElo "1680"]
[WhiteElo "1306"]
[LiveChessVersion "1.4.8"]

1. d4 {[%clk 1:30:57]} Nf6 {[%clk 1:30:46]} 2. c4 {[%clk 1:31:22]} g6
{[%clk 1:31:03]} 3. Nc3 {[%clk 1:31:45]} Bg7 {[%clk 1:31:21]} 4. e4
{[%clk 1:32:05]} d6 {[%clk 1:31:39]} 5. h3 {[%clk 1:32:27]} O-O {[%clk 1:31:48]}
6. Nf3 {[%clk 1:32:36]} Nbd7 {[%clk 1:30:48]} 7. Be3 {[%clk 1:32:28]} e5
{[%clk 1:30:49]} 8. d5 {[%clk 1:32:47]} b6 {[%clk 1:30:38]} 9. Bd3
{[%clk 1:31:42]} a5 {[%clk 1:30:42]} 10. O-O {[%clk 1:31:11]} Nc5
{[%clk 1:31:01]} 11. Bc2 {[%clk 1:31:08]} Bd7 {[%clk 1:30:33]} 12. b3
{[%clk 1:28:46]} Nh5 {[%clk 1:29:47]} 13. Ne2 {[%clk 1:19:26]} f5
{[%clk 1:28:10]} 14. Nd2 {[%clk 1:13:01]} f4 {[%clk 1:22:40]} 15. Bxc5
{[%clk 1:13:15]} bxc5 {[%clk 1:22:59]} 16. Nc3 {[%clk 1:12:21]} f3
{[%clk 1:12:48]} 17. Nxf3 {[%clk 1:10:51]} Nf4 {[%clk 1:11:45]} 18. Kh2
{[%clk 1:05:27]} Bh6 {[%clk 1:11:02]} 19. Ne2 {[%clk 1:02:15]} Nxh3
{[%clk 1:10:24]} 20. Nxe5 {[%clk 0:51:52]} Nxf2 {[%clk 1:09:28]} 21. Nxd7
{[%clk 0:47:48]} Qh4+ {[%clk 1:07:25]} 0-1

[Event "Lasker B 2018"]
[Site "?"]
[Date "2018.07.05"]
[Round "3.10"]
[White "Bola, Zygmunt"]
[Black "Kugler, Pawel"]
[Result "1/2-1/2"]
[BlackElo "1575"]
[WhiteElo "1703"]
[LiveChessVersion "1.4.8"]

1. d4 {[%clk 1:30:55]} e6 {[%clk 1:30:53]} 2. e3 {[%clk 1:31:15]} c5
{[%clk 1:31:20]} 3. c3 {[%clk 1:31:27]} b6 {[%clk 1:31:48]} 4. f4
{[%clk 1:31:29]} Bb7 {[%clk 1:32:16]} 5. Nf3 {[%clk 1:31:42]} cxd4
{[%clk 1:32:44]} 6. exd4 {[%clk 1:31:13]} Nf6 {[%clk 1:29:33]} 7. Bd3
{[%clk 1:31:25]} Qc7 {[%clk 1:29:46]} 8. O-O {[%clk 1:31:27]} Nd5
{[%clk 1:27:33]} 9. Ng5 {[%clk 1:30:54]} h6 {[%clk 1:27:33]} 10. Qh5
{[%clk 1:30:34]} g6 {[%clk 1:23:48]} 11. Bxg6 {[%clk 1:30:17]} fxg6
{[%clk 1:24:15]} 12. Qxg6+ {[%clk 1:30:22]} Kd8 {[%clk 1:24:38]} 13. Nf7+
{[%clk 1:30:33]} Kc8 {[%clk 1:24:59]} 14. Nxh8 {[%clk 1:30:49]} Ne7
{[%clk 1:21:50]} 15. Qg4 {[%clk 1:30:43]} Be4 {[%clk 1:20:12]} 16. Nd2
{[%clk 1:29:05]} Bf5 {[%clk 1:20:08]} 17. Qf3 {[%clk 1:29:04]} Nbc6
{[%clk 1:19:46]} 18. g4 {[%clk 1:28:44]} Bh7 {[%clk 1:18:18]} 19. Nf7
{[%clk 1:28:26]} d6 {[%clk 1:18:12]} 20. Qh3 {[%clk 1:28:54]} Ng8
{[%clk 1:17:42]} 21. d5 {[%clk 1:22:44]} exd5 {[%clk 1:17:20]} 22. g5+
{[%clk 1:23:04]} Kb7 {[%clk 1:16:55]} 23. Nxh6 {[%clk 1:22:36]} Nxh6
{[%clk 1:16:24]} 24. gxh6 {[%clk 1:23:04]} Qf7 {[%clk 1:13:28]} 25. f5
{[%clk 1:22:27]} Be7 {[%clk 1:13:18]} 26. Rf2 {[%clk 1:20:29]} Re8
{[%clk 1:10:26]} 27. Nf1 {[%clk 1:20:13]} Bf6 {[%clk 1:09:00]} 28. Bd2
{[%clk 1:20:26]} d4 {[%clk 1:07:55]} 29. Re1 {[%clk 1:19:08]} Rg8+
{[%clk 0:59:55]} 30. Ng3 {[%clk 1:10:32]} Ne5 {[%clk 0:57:48]} 31. Qf1
{[%clk 1:08:20]} Ng4 {[%clk 0:49:46]} 32. Rf3 {[%clk 1:05:27]} dxc3 33. bxc3 Be5
{[%clk 0:47:58]} 34. c4 {[%clk 0:55:56]} Bd4+ {[%clk 0:42:20]} 1/2-1/2

[Event "Lasker B 2018"]
[Site "?"]
[Date "2018.07.05"]
[Round "3.8"]
[White "Mielke, Torsten"]
[Black "Krolik, Wladyslaw"]
[Result "1/2-1/2"]
[BlackElo "1639"]
[WhiteElo "1716"]
[LiveChessVersion "1.4.8"]

1. e4 {[%clk 1:30:52]} d6 {[%clk 1:30:45]} 2. d4 {[%clk 1:31:18]} e6
{[%clk 1:31:01]} 3. f4 {[%clk 1:31:44]} Qh4+ {[%clk 1:31:02]} 4. g3
{[%clk 1:32:11]} Qe7 {[%clk 1:30:59]} 5. Nf3 {[%clk 1:32:35]} b6 {[%clk 1:30:56]}
6. Bg2 {[%clk 1:32:37]} Bb7 {[%clk 1:31:11]} 7. Qe2 {[%clk 1:32:30]} Nd7
{[%clk 1:30:31]} 8. Nc3 {[%clk 1:32:36]} a6 {[%clk 1:30:23]} 9. Be3
{[%clk 1:31:46]} g6 {[%clk 1:30:30]} 10. O-O-O {[%clk 1:32:07]} Bg7
{[%clk 1:30:32]} 11. e5 {[%clk 1:32:35]} d5 {[%clk 1:29:51]} 12. g4
{[%clk 1:31:37]} h5 {[%clk 1:29:36]} 13. g5 {[%clk 1:31:41]} Qd8 {[%clk 1:28:55]}
14. Nh4 {[%clk 1:30:44]} Ne7 {[%clk 1:28:51]} 15. Bh3 {[%clk 1:30:51]} c5
{[%clk 1:27:14]} 16. dxc5 {[%clk 1:30:27]} bxc5 {[%clk 1:27:19]} 17. Bf2
{[%clk 1:28:22]} Qa5 {[%clk 1:25:52]} 18. a3 {[%clk 1:28:04]} Rb8
{[%clk 1:25:23]} 19. Be1 {[%clk 1:23:50]} Qc7 {[%clk 1:24:14]} 20. Rf1
{[%clk 1:22:47]} Bc6 {[%clk 1:23:22]} 21. f5 {[%clk 1:20:54]} exf5
{[%clk 1:22:36]} 22. e6 {[%clk 1:21:01]} Ne5 {[%clk 1:22:03]} 23. exf7+
{[%clk 1:20:59]} Kxf7 {[%clk 1:19:56]} 24. Bxf5 {[%clk 1:19:41]} gxf5
{[%clk 1:17:59]} 25. Nxf5 {[%clk 1:19:30]} Nxf5 {[%clk 1:14:37]} 26. Rxf5+
{[%clk 1:19:51]} Kg6 {[%clk 1:14:27]} 27. Rf6+ {[%clk 1:12:32]} Bxf6
{[%clk 1:13:33]} 28. gxf6 {[%clk 1:12:43]} Rhe8 {[%clk 1:03:27]} 29. Bh4
{[%clk 1:11:00]} Qb7 {[%clk 1:01:11]} 30. Rg1+ {[%clk 1:11:09]} Ng4
{[%clk 1:01:22]} 31. Rxg4+ {[%clk 1:10:29]} hxg4 {[%clk 1:01:20]} 32. Qxg4+
{[%clk 1:10:56]} Kf7 {[%clk 1:01:11]} 33. Qg7+ {[%clk 1:05:51]} Ke6
{[%clk 1:00:57]} 34. Qg4+ {[%clk 1:06:04]} Kf7 {[%clk 1:01:24]} 35. Qg7+ 1/2-1/2

[Event "Lasker B 2018"]
[Site "?"]
[Date "2018.07.05"]
[Round "3.7"]
[White "Lewandowski, Witold"]
[Black "Przysiecki, Kajetan"]
[Result "0-1"]
[BlackElo "1771"]
[WhiteElo "1444"]
[LiveChessVersion "1.4.8"]

1. e4 d6 2. d4 Nf6 3. Nc3 c6 4. Nf3 Bg4 5. Bc4 e6 6. O-O Be7 7. d5 cxd5 8. exd5
e5 9. h3 Bh5 10. g4 Bg6 11. Bb5+ Nfd7 12. Nd2 O-O 13. Nde4 f5 14. Bxd7 Qxd7 15.
Ng5 Bxg5 16. Bxg5 fxg4 17. Qxg4 Bf5 18. Qg3 Bxh3 19. Rfe1 Bf5 20. f4 exf4 21.
Bxf4 Rf6 22. Kh1 Na6 23. Bg5 Rg6 24. Re7 Qxe7 25. Bxe7 Rxg3 26. Bxd6 Rg6 27. Be7
Rc8 28. d6 Nc5 29. Nb5 Ne4 30. Nc7 Nxd6 0-1

[Event "Lasker B 2018"]
[Site "?"]
[Date "2018.07.05"]
[Round "3.5"]
[White "Majdanski, Maksymilian"]
[Black "Twardowski, Hubert"]
[Result "1-0"]
[BlackElo "1728"]
[WhiteElo "1763"]
[LiveChessVersion "1.4.8"]

1. d4 {[%clk 1:30:54]} Nf6 {[%clk 1:30:30]} 2. c4 {[%clk 1:31:03]} c5
{[%clk 1:30:38]} 3. d5 {[%clk 1:31:02]} e6 {[%clk 1:30:46]} 4. Nc3
{[%clk 1:28:22]} exd5 {[%clk 1:30:24]} 5. cxd5 {[%clk 1:28:40]} d6
{[%clk 1:30:14]} 6. Nf3 {[%clk 1:26:09]} g6 {[%clk 1:29:07]} 7. Bg5
{[%clk 1:25:24]} Bg7 {[%clk 1:29:04]} 8. e3 {[%clk 1:16:49]} O-O {[%clk 1:28:29]}
9. Bd3 {[%clk 1:15:48]} a6 {[%clk 1:25:45]} 10. a4 {[%clk 1:15:37]} Nbd7
{[%clk 1:24:02]} 11. O-O {[%clk 1:10:53]} Re8 {[%clk 1:19:40]} 12. a5
{[%clk 1:02:33]} Qc7 {[%clk 1:17:57]} 13. Qe2 {[%clk 0:56:13]} Nh5
{[%clk 1:03:59]} 14. e4 {[%clk 0:41:00]} f5 {[%clk 0:43:17]} 15. Rfe1
{[%clk 0:26:50]} f4 {[%clk 0:27:32]} 16. Qd2 {[%clk 0:20:04]} Rf8
{[%clk 0:23:07]} 17. Ne2 {[%clk 0:18:21]} Ne5 {[%clk 0:21:24]} 18. Nxe5
{[%clk 0:18:17]} Bxe5 {[%clk 0:20:35]} 19. f3 {[%clk 0:17:34]} Qg7
{[%clk 0:20:35]} 20. Rab1 {[%clk 0:10:27]} h6 {[%clk 0:20:18]} 21. Bh4
{[%clk 0:10:33]} g5 {[%clk 0:20:47]} 22. Bf2 {[%clk 0:10:56]} g4 {[%clk 0:20:20]}
23. Kh1 {[%clk 0:10:25]} g3 {[%clk 0:18:57]} 24. hxg3 {[%clk 0:09:02]} Nxg3+
{[%clk 0:19:06]} 25. Kg1 {[%clk 0:08:22]} Qf6 {[%clk 0:17:23]} 26. Bxg3
{[%clk 0:06:49]} fxg3 {[%clk 0:17:38]} 27. f4 {[%clk 0:06:59]} Qh4
{[%clk 0:16:52]} 28. f5 {[%clk 0:04:38]} Bd7 {[%clk 0:10:55]} 29. b4
{[%clk 0:03:59]} Be8 {[%clk 0:08:22]} 30. bxc5 {[%clk 0:03:44]} Qh2+
{[%clk 0:04:09]} 31. Kf1 {[%clk 0:04:08]} Qh1+ {[%clk 0:04:30]} 32. Ng1
{[%clk 0:04:34]} Bd4 {[%clk 0:04:37]} 33. Re3 {[%clk 0:04:08]} dxc5 34. Rxg3+
{[%clk 0:04:20]} Kh8 {[%clk 0:02:17]} 35. Ke2 {[%clk 0:03:56]} Bh5+
{[%clk 0:02:07]} 36. Nf3 {[%clk 0:03:12]} Bxf3+ 37. Kxf3 {[%clk 0:03:14]} Qh5+
{[%clk 0:02:56]} 38. Rg4 {[%clk 0:02:59]} Rg8 {[%clk 0:03:06]} 39. Qf4
{[%clk 0:03:07]} Rg7 {[%clk 0:00:47]} 40. Rb6 {[%clk 0:03:04]} Kh7
{[%clk 0:00:36]} 41. Rbg6 {[%clk 0:03:00]} Rag8 {[%clk 0:00:50]} 42. e5
{[%clk 0:02:50]} Qh1 {[%clk 0:00:48]} 43. Rxg7+ {[%clk 0:02:58]} Rxg7
{[%clk 0:01:03]} 44. f6+ {[%clk 0:03:18]} Rg6 {[%clk 0:00:35]} 45. Bxg6+
{[%clk 0:03:34]} Kh8 {[%clk 0:01:04]} 46. Qd2 {[%clk 0:01:15]} Qf1+
{[%clk 0:01:09]} 47. Ke4 {[%clk 0:01:32]} Qb1+ {[%clk 0:00:45]} 48. Kf3
{[%clk 0:01:29]} Qf1+ {[%clk 0:00:52]} 49. Kg3 {[%clk 0:00:44]} Bxe5+
{[%clk 0:00:51]} 50. Rf4 {[%clk 0:01:12]} c4 {[%clk 0:00:33]} 51. f7
{[%clk 0:01:28]} 1-0

[Event "Lasker B 2018"]
[Site "?"]
[Date "2018.07.05"]
[Round "3.4"]
[White "Czuchnicki, Adam"]
[Black "Dzida, Kamil"]
[Result "1/2-1/2"]
[BlackElo "1854"]
[WhiteElo "1966"]
[LiveChessVersion "1.4.8"]

1. Nf3 {[%clk 1:30:58]} Nf6 {[%clk 1:30:54]} 2. g3 {[%clk 1:31:00]} e6
{[%clk 1:31:13]} 3. Bg2 {[%clk 1:31:21]} d5 {[%clk 1:31:39]} 4. O-O
{[%clk 1:31:35]} Be7 {[%clk 1:32:04]} 5. c4 {[%clk 1:31:51]} O-O {[%clk 1:32:24]}
6. b3 {[%clk 1:31:37]} Nbd7 {[%clk 1:31:12]} 7. Bb2 {[%clk 1:28:54]} b6
{[%clk 1:31:18]} 8. d4 {[%clk 1:27:39]} Bb7 {[%clk 1:29:33]} 9. Nc3
{[%clk 1:25:31]} Re8 {[%clk 1:21:14]} 10. Nd2 {[%clk 1:18:19]} c5
{[%clk 1:19:08]} 11. cxd5 {[%clk 1:17:02]} exd5 {[%clk 1:17:24]} 12. e4
{[%clk 1:15:18]} dxe4 {[%clk 1:10:29]} 13. Ndxe4 {[%clk 1:11:58]} Rb8
{[%clk 1:09:09]} 14. Re1 {[%clk 1:01:25]} cxd4 {[%clk 0:59:22]} 15. Qxd4
{[%clk 1:00:38]} Nc5 {[%clk 0:59:12]} 16. Qe3 {[%clk 0:51:52]} Ncxe4
{[%clk 0:53:44]} 17. Nxe4 {[%clk 0:51:52]} Nxe4 {[%clk 0:53:52]} 18. Bxe4
{[%clk 0:52:06]} Bb4 {[%clk 0:45:29]} 19. Red1 {[%clk 0:47:00]} Qe7
{[%clk 0:43:15]} 20. Qd4 {[%clk 0:46:16]} f6 {[%clk 0:43:15]} 21. Bxb7
{[%clk 0:32:07]} Rxb7 {[%clk 0:43:28]} 22. Qc4+ {[%clk 0:22:12]} Kh8
{[%clk 0:43:22]} 23. a3 {[%clk 0:21:38]} Bd6 {[%clk 0:37:13]} 24. Qc6
{[%clk 0:17:16]} Bc5 {[%clk 0:29:45]} 25. Rd2 {[%clk 0:11:40]} Rc7
{[%clk 0:28:43]} 26. Qa4 {[%clk 0:08:31]} Rd8 {[%clk 0:24:08]} 27. Rxd8+
{[%clk 0:06:15]} Qxd8 {[%clk 0:24:32]} 28. b4 {[%clk 0:05:53]} Bxf2+
{[%clk 0:23:17]} 29. Kxf2 {[%clk 0:04:10]} Qd2+ {[%clk 0:23:39]} 30. Kg1
{[%clk 0:02:14]} Qe3+ {[%clk 0:23:56]} 31. Kf1 {[%clk 0:01:59]} Qd3+
{[%clk 0:23:22]} 32. Kg1 {[%clk 0:02:17]} Qe3+ {[%clk 0:21:23]} 33. Kf1
{[%clk 0:02:26]} Qf3+ {[%clk 0:21:44]} 34. Kg1 {[%clk 0:02:48]} Qe3+
{[%clk 0:21:29]} 1/2-1/2

[Event "Lasker B 2018"]
[Site "?"]
[Date "2018.07.05"]
[Round "3.3"]
[White "Reinecke, Katharina"]
[Black "Nadstoga, Wojciech"]
[Result "1/2-1/2"]
[BlackElo "1933"]
[WhiteElo "1857"]
[LiveChessVersion "1.4.8"]

1. d4 {[%clk 1:30:58]} Nf6 {[%clk 1:30:53]} 2. c4 {[%clk 1:31:23]} c5
{[%clk 1:30:55]} 3. Nf3 {[%clk 1:30:46]} g6 {[%clk 1:30:53]} 4. g3
{[%clk 1:30:15]} Bg7 {[%clk 1:25:31]} 5. Bg2 {[%clk 1:30:23]} O-O
{[%clk 1:23:53]} 6. O-O {[%clk 1:30:08]} Nc6 {[%clk 1:16:21]} 7. d5
{[%clk 1:27:25]} Nb8 {[%clk 1:16:09]} 8. Nc3 {[%clk 1:24:11]} d6 {[%clk 1:16:19]}
9. e4 {[%clk 1:22:40]} Nbd7 {[%clk 1:11:10]} 10. Qe2 {[%clk 1:21:23]} Ne8
{[%clk 1:03:31]} 11. Bf4 {[%clk 1:13:23]} Ne5 {[%clk 0:55:56]} 12. Nxe5
{[%clk 1:11:07]} dxe5 {[%clk 0:56:22]} 13. Be3 {[%clk 1:09:45]} b6
{[%clk 0:56:51]} 14. f4 {[%clk 1:05:02]} Nd6 {[%clk 0:57:10]} 15. Rac1
{[%clk 1:01:10]} f5 {[%clk 0:54:27]} 16. Kh1 {[%clk 0:58:19]} Bd7
{[%clk 0:26:43]} 17. fxe5 {[%clk 0:55:33]} Bxe5 {[%clk 0:25:17]} 18. Bh6
{[%clk 0:55:38]} Bg7 {[%clk 0:19:34]} 19. Bxg7 {[%clk 0:55:43]} Kxg7
{[%clk 0:20:03]} 20. e5 {[%clk 0:54:36]} Nb7 {[%clk 0:17:02]} 21. Rcd1
{[%clk 0:44:10]} Rb8 {[%clk 0:16:20]} 22. Rd2 {[%clk 0:37:09]} Be8
{[%clk 0:10:34]} 23. Rfd1 {[%clk 0:36:20]} g5 {[%clk 0:06:56]} 24. d6
{[%clk 0:32:21]} e6 {[%clk 0:05:11]} 25. d7 {[%clk 0:28:15]} Bg6 {[%clk 0:05:33]}
26. Nb5 {[%clk 0:27:52]} a6 {[%clk 0:04:51]} 27. Na7 {[%clk 0:26:32]} Na5
{[%clk 0:04:54]} 28. Rd6 {[%clk 0:23:25]} Bf7 {[%clk 0:01:46]} 29. a3
{[%clk 0:22:52]} Qc7 {[%clk 0:01:21]} 30. Nc8 {[%clk 0:15:41]} Rd8
{[%clk 0:01:14]} 31. Qd2 {[%clk 0:13:13]} h6 {[%clk 0:01:19]} 32. Qe2
{[%clk 0:08:40]} b5 {[%clk 0:01:33]} 33. cxb5 {[%clk 0:07:54]} axb5
{[%clk 0:01:52]} 34. Ne7 {[%clk 0:04:55]} Nc4 35. Rc6 Qxe5 36. Qxe5+ Nxe5 37. Rc8
Nxd7 38. Rxb8 Rxb8 39. Rxd7 Kf6 1/2-1/2

[Event "Lasker B 2018"]
[Site "?"]
[Date "2018.07.05"]
[Round "3.2"]
[White "Czechowski, Jakub"]
[Black "Swiderski, Radoslaw"]
[Result "0-1"]
[BlackElo "1983"]
[WhiteElo "1880"]
[LiveChessVersion "1.4.8"]

1. e4 {[%clk 1:30:58]} e5 {[%clk 1:30:55]} 2. Nf3 {[%clk 1:31:04]} d6
{[%clk 1:31:23]} 3. Bc4 {[%clk 1:31:08]} Be7 {[%clk 1:31:13]} 4. d4
{[%clk 1:30:00]} exd4 {[%clk 1:31:37]} 5. Nxd4 {[%clk 1:30:11]} Nf6
{[%clk 1:32:01]} 6. Nc3 {[%clk 1:30:26]} O-O {[%clk 1:32:21]} 7. O-O
{[%clk 1:30:50]} c6 {[%clk 1:32:07]} 8. a4 {[%clk 1:31:14]} a5 {[%clk 1:31:55]}
9. Bf4 {[%clk 1:28:08]} Re8 {[%clk 1:28:20]} 10. Re1 {[%clk 1:20:44]} Na6
{[%clk 1:24:21]} 11. Nf3 {[%clk 1:00:19]} h6 {[%clk 1:11:57]} 12. e5
{[%clk 0:57:08]} Nh5 {[%clk 0:54:46]} 13. exd6 {[%clk 0:55:19]} Nxf4
{[%clk 0:55:14]} 14. dxe7 {[%clk 0:54:30]} Qc7 {[%clk 0:55:29]} 15. Nd4
{[%clk 0:41:44]} Nc5 {[%clk 0:47:25]} 16. Qf3 {[%clk 0:24:35]} Nce6
{[%clk 0:43:33]} 17. Nf5 {[%clk 0:20:34]} Ng5 {[%clk 0:43:00]} 18. Qg4
{[%clk 0:20:26]} Ng6 {[%clk 0:35:40]} 19. f4 {[%clk 0:10:55]} Qb6+
{[%clk 0:31:09]} 20. Kh1 {[%clk 0:10:41]} Qc5 {[%clk 0:31:37]} 21. Ne4
{[%clk 0:01:37]} Nxe4 {[%clk 0:31:36]} 22. Nxh6+ {[%clk 0:00:52]} Kh7
{[%clk 0:31:54]} 0-1